Score 0/18 Timer 03:00
1 Play Today
Song Missing Word % Correct
Rock and _____ Is DeadRoll
94.6%
(I Just) Died in Your _____ TonightArms
93.6%
_____ Dead or AliveWanted
91%
Live and _____ DieLet
89.4%
Only the _____ Die YoungGood
87.4%
I _____ Die 4 UWould
85%
_____ Like You Were DyingLive
78.3%
_____ I Die YoungIf
62.5%
I'm _____ DeadNot
50.3%
Song Missing Word % Correct
Die _____Young
45.5%
To Live and Die in _____L.A.
44.2%
Dead and _____Gone
37.8%
_____ to DieBorn
34.8%
Dead in the _____Water
30.1%
Invaders _____ DieMust
28.6%
Die Die My _____Darling
20.1%
Living Dead _____Girl
16.8%
Dead Leaves and the Dirty _____Ground
16.4%

Today's Daily Dose

Remove Ads.
Support Sporcle.
Get the best of Sporcle when you Go Orange. This ad-free experience offers more features, more stats, and more fun while also helping to support Sporcle. Thank you for becoming a member.

You're not logged in!

Compare scores with friends on all Sporcle quizzes.
OR
Log In

Show Comments

Extras

Top Quizzes Today


Score Distribution

Your Account Isn't Verified!

In order to create a playlist on Sporcle, you need to verify the email address you used during registration. Go to your Sporcle Settings to finish the process.

Report this User

Report this user for behavior that violates our Community Guidelines.

Details: